000 01861cam a2200505 i 4500
001 1398
003 KOSZ 005
005 20250801065403.0
008 250731s1976 pl a f 000 0 pol
015 _aUWD 1976/9758
035 _a991023672539705066
035 _a(PL-WaBN)b16484782-48omnis_nlop
035 _ab16484782
035 _a(OCoLC)749188874
035 _azz2004791799
035 _a(PL)b0000001648478
035 _a(EXLNZ-48OMNIS_NETWORK)9910203446605606
040 _aWA N
_cWA N
_dKOSZ 005/RW
046 _k1967
080 _a621.9
245 0 0 _aOpracowanie produkcji na rewolwerowych i poprzecznych automatach tokarskich /
_cWitold Borkowski, Władysław Strzelecki.
250 _aWydanie 2 poprawione i uzupełnione.
260 _aWarszawa :
_bWydawnictwa Naukowo-Techniczne,
_c1976.
300 _a270, [2] stron, [1] karta tablic :
_bilustracje, tabele, wykresy ;
_c24 cm.
336 _aTekst
_btxt
_2rdacontent
337 _aBez urządzenia pośredniczącego
_bn
_2rdamedia
338 _aWolumin
_bnc
_2rdacarrier
380 _aKsiążki
380 _aPublikacje fachowe
388 1 _a1901-2000
388 1 _a1945-1989
504 _aBibliografia na stronie [272].
521 8 _aKsiążka jest przeznaczona dla techników i inżynierów - technologów specjalistów z zakresu obróbki skrawaniem.
650 7 _aObrabiarka
_2DBN
650 7 _aObsługa i eksploatacja
_2DBN
650 7 _aTokarstwo
_2DBN
655 7 _aOpracowanie
658 _aInżynieria i technika
700 1 _aBorkowski, Witold
_eAutor
700 1 _aStrzelecki, Władysław
_eAutor
710 2 _aWydawnictwa Naukowo-Techniczne
_4pbl
856 _uhttps://koha.tu.koszalin.pl/cgi-bin/koha/opac-detail.pl?biblionumber=1398
_yKatalog online BPK
942 _2UKD
_cKS
999 _c1398
_d1398